Irregular Verbs spit - write - Statistics

General Stats
  • This quiz has been taken 28 times
  • The average score is 15 of 26
Answer Stats
Hint Answer % Correct
Spit Spat, Spat
83%
Spread Spread, Spread
78%
Swim Swam, Swum
72%
Sweep Swept, Swept
72%
Win Won, Won
72%
Steal Stole, Stolen
67%
Stand Stood, Stood
67%
Tell Told, Told
67%
Understand Understood, Understood
67%
Write Wrote, Written
67%
Stick Stuck, Stuck
61%
Teach Taught, Taught
61%
Think Thought, Thought
61%
Take Took, Taken
61%
Throw Threw, Thrown
56%
Tear Tore, Torn
56%
Wake (up) Woke, Woken
56%
Wear Wore, Worn
56%
Thrust Thrust, Thrust
50%
Stride Strode, Strode
44%
String Strung, Strung
44%
Wind Wound, Wound
44%
Swing Swung, Swung
39%
Weave Wove, Woven
39%
Strike Struck, Struck
33%
Strew Strewed, Strewed
22%
No matching quizzes found
Score Distribution
Percent of People with Each Score
Percentile by Number Answered
Your Score History
You have not taken this quiz